000 00877nam a2200265 a 4500
001 62909
005 20180714065122.0
008 150615s2012 sp r 000 0 spa d
020 _a9788432136221
041 _aspa
082 0 _a240
_bMIR
100 1 _aMiras, Jorge,
_eautor
245 1 0 _aMatrimonio y familia /
_cJorge Miras, Juan Ignacio Bañares.
250 _aSexta edición
264 1 _aMadrid, España :
_bEdiciones Rialp,
_c2012
300 _a203 páginas ;
_c21 cm.
336 _atexto
_2rdacontent
337 _asin mediación
_2rdamedia
338 _avolumen
_2rdacarrier
490 0 _aBiblioteca de iniciación teológica
_v19
650 4 _aEducación cristiana
_xMatrimonio
650 4 _aFamilia cristiana
_xMatrimonio
_xEducación
700 1 _aBañares, Juan Ignacio,
_eautor
740 0 _aMatrimonio y familia. Iniciación Teológica
999 _c62909
_d62909